01615nam a22002897a 4500999001500000005001700015008004100032020001800073040002500091041000800116082001700124110003800141242030500179245025300484260005300737300003000790650005600820650005900876650006400935650004700999700002201046700002401068710002901092710002601121942001701147952016101164 c8297d829720180301161706.0140317t2009 ad gr|||| 00| 0 eng d a9789290592518 aCO-BoIAVHcCO-BoIAVH aeng a327.17bG53b2 aGlobal Invasive Species Programme10aMejores Prácticas en la Evaluación de Riesgos de la Pre-importación de Especies de Animales Vivos en el Comercio InternacionalbActas de un Seminario de Expertos sobre la Prevención de Invasiones BiológicascGlobal Invasive Species Programme, University of Notre Dame, Defenders of Wildlife10aBest Practices in Pre-import Risk Screening for Species of Live Animals in International TradebProceedings of an Expert Workshop on Preventing Biological InvasionscGlobal Invasive Species Programme, University of Notre Dame, Defenders of Wildlife3 aNairobibGlobal Invasive Species Programmec2009 a30 p.bil., tablasc30 cm 4aConceptosvEstudio de CasosxEvaluación de Riegos 4aHerramientasvEstudio de CasosxEvaluación de Riegos 4aEvaluación de RiesgosvEstudio de CasosxImplementación 4aAcuerdos InternacionalesvEstudio de Casos1 aSimons, Saraheed1 aPoorter, Maj Deeed2 aUniversity of Notre Dame2 aDefenders of Wildlife 2ddccImpreso 00102ddc40708GENERALIINV2017aBogotabBogotad2014-03-17eInstitutog20000.00l0oLB-327.17 G53bp034235r2014-03-17 00:00:00tEj. 1w2014-03-17yLIBRO